Introduction to Materials Management (Record no. 6876)

MARC details
005 - DATE AND TIME OF LATEST TRANSACTION
control field 20260429114921.0
020 ## - INTERNATIONAL STANDARD BOOK NUMBER
International Standard Book Number 9781292162355
100 ## - MAIN ENTRY--PERSONAL NAME
Author name CHAPMAN,S
245 ## - TITLE STATEMENT
Title Introduction to Materials Management
250 ## - EDITION STATEMENT
Edition statement 18th
260 ## - PUBLICATION, DISTRIBUTION, ETC.
Place of publication, distribution, etc. England
Name of publisher, distributor, etc. PEARSON EDUCATION LIMITED
Date of publication, distribution, etc. 2017
700 ## - ADDED ENTRY--PERSONAL NAME
Other authors/Editors ARNOLD,J,GATEWOOD,A AND CLIVE,L
942 ## - ADDED ENTRY ELEMENTS (KOHA)
Source of classification or shelving scheme Dewey Decimal Classification
Koha item type Books
Holdings
Date last seen Total checkouts Full call number Barcode Cost, replacement price Price effective from Koha item type Lost status Source of classification or shelving scheme Damaged status Not for loan Withdrawn status Home library Current library Shelving location Date acquired Source of acquisition Cost, normal purchase price
04/29/2026   658.4 CHA MBY0001193 577212.00 04/29/2026 Books   Dewey Decimal Classification       CBE MBEYA CBE MBEYA Special Reserve Collection 04/27/2026 PURCHASE 192404.00
04/29/2026   658.4 CHA MBY0001194 577212.00 04/29/2026 Books   Dewey Decimal Classification       CBE MBEYA CBE MBEYA General Collection 04/27/2026 PURCHASE 192404.00
04/29/2026   658.4 CHA MBY0001195 577212.00 04/29/2026 Books   Dewey Decimal Classification       CBE MBEYA CBE MBEYA General Collection 04/27/2026 PURCHASE 192404.00